000 00279nam a2200109Ia 4500
001 1275993
005 20260417160438.0
008 260417s9999 xx 000 0 und d
020 _a9786258486681
245 0 _aKıpır Kıpır Kıpırdak
_cJeanne Willis
260 _bKetebe Çocuk
999 _c1275993
_d1275993